YENİ BAŞLAYANLAR İÇİN ARAPÇA (Record no. 886217)

MARC details
000 -LEADER
sabit uzunluktaki kontrol alanı 00267nam a2200097Ia 4500
001 - KONTROL NUMARASI
kontrol alanı 886217
005 - EN SON İŞLEMİN TARİH VE ZAMANI
kontrol alanı 20250826182812.0
008 - SABİT-UZUNLUKTA VERİ ÖĞELERİ--GENEL BİLGİ
sabit uzunluktaki kontrol alanı 250824s9999 xx 000 0 und d
245 #0 - ESER / YAZAR
ESER ADI YENİ BAŞLAYANLAR İÇİN ARAPÇA
Yazar Adı TACETTİN UZUN
260 ## - YAYIN, DAĞITIM, VB.
YAYIN EVİ KİTAP DÜNYASI YAYINLARI
Holdings
Düşüm durumu Kayıp durumu Hasar Durumu Ödünç verilmez Ana kütüphane Geçerli Kütüphane Edinilen tarih Toplam ödünç verme sayısı Barkod İade tarihi Son görüntüleme tarihi Son ödünç verme tarihi Fiyatın geçerli olmaya başladığı tarih Koha materyal türü
        KAŞGARLI MAHMUT ORTAOKULU KAŞGARLI MAHMUT ORTAOKULU 24.08.2025 1 10643646 17.12.2025 02.12.2025 02.12.2025 26.08.2025 Books